000 01209nam a2200265Ia 4500
001 612
003 GE_BSU
008 181216s||||||||xx |||||||||||||| ||und||
020 _a9789941416149
040 _cGE_BSU
080 _a376.3
100 _aგოგიჩაძე და სხვ.
245 _aინდივიდუალური საგანმანათლებლო გეგმა ისგ
245 _bგზამკვლევი მასწავლებლებისა და სასკოლო ადმინისტრაციისათვის
245 _cმხატვ. ზურაბ სულაკაური
260 _aთბილისი
260 _bნეკერი
260 _c2009
300 _a83 გვ.
541 _h4 ლ.
653 _aგზამკვლევი მასწავლებლებისა და სასკოლო ადმინისტრაციისათვის
653 _aინდივიდუალური საგანმანათლებლო გეგმა ისგ
653 _aინკლუზიური განათლება;
942 _cBK
999 _c34802
_d34802